000 00714cam a22002413a 4500
001 18775
003 PGUSA
005 20140828083411.0
008 060707s2006||||xxu|||||s|||||000 | eng d
040 _aPGUSA
_beng
042 _adc
050 4 _aAP
245 1 0 _aChambers's Edinburgh Journal, No. 435 :
_bVolume 17, New Series, May 1, 1852
_h[electronic resource] /
_cVarious
260 _bProject Gutenberg,
_c2006
506 _aPublic domain in the USA.
516 _aElectronic text
653 _aPeriodicals
700 1 _aChambers, Robert,
_d1802-1871
700 1 _aChambers, William,
_d1800-1883
830 0 _aProject Gutenberg
_v18775
856 4 0 _uhttp://www.gutenberg.org/ebooks/18775
942 _cEB
999 _c248030
_d248030